Madame (Monsieur Madame) - Statistiques

Statistiques générales
  • Ce quiz a été pris 4 fois
  • Le résultat moyen est 19 sur 45
Statistiques - réponses
Numéro Madame % Correct
1 Autoritaire
100%
34 Casse Pied
100%
25 Coquette
100%
39 Malchance
100%
24 Pourquoi
100%
36 Risette
100%
40 Terreur
100%
2 Tête en l'air
100%
5 Acrobate
50%
31 Bonheur
50%
21 Boulot
50%
13 Bout en train
50%
14 Canaille
50%
19 Chance
50%
37 Chipie
50%
35 Dodue
50%
17 Double
50%
38 Farceuse
50%
8 Indécise
50%
23 Oui
50%
9 Petite
50%
41 Princesse
50%
7 Proprette
50%
3 Range-Tout
50%
27 Têtue
50%
12 Timide
50%
11 Tintamarre
50%
10 Tout va bien
50%
32 Vedette
50%
33 Vite fait
50%
29 Bavarde
0%
15 Beauté
0%
42 Calin
0%
4 Catastrophe
0%
26 Contraire
0%
28 En retard
0%
43 Fabuleuse
0%
30 Follette
0%
22 Géniale
0%
45 Invention
0%
18 Je sais tout
0%
44 Lumineuse
0%
6 Magie
0%
20 Prudente
0%
16 Sage
0%
Aucun quiz correspondant
Distribution des résultats
% des personnes avec chaque résultat
Percentile par nombre de réponses
Votre historique - résultats
Vous n’avez pas pris ce quiz